=LDR 00000nam 2200000 4500 =001 INLIS000000000024561 =005 20130612123136 =008 ***********************************Ind** =035 ##$$0010-061300000024561 =041 ##$$a Ind =082 ##$$a 492.707 =090 ##$$a 492.707, Bah b =245 ##$$a Bahasa Arab Kurikulum Nasional Kompetensi Dasar, Untuk Kelas IV semester I Madrasah Ibtidaiyah, M. Matroni, MH [et.al] =260 ##$$a 2003 $b Semarang =300 ##$$a vii, 86 hlm., 21 cm =650 ##$$a Bahasa Arab =850 ##$$a NBPNMAT =990 ##$$a 0001/BPAP-NTB/2015